000 00287nam a2200133Ia 4500
100 _aRobbins/S.P.
942 _cBK
654 _aproduction
245 _aAdministrative process
260 _bprentice hall
_aNew Delhi
_c1988
082 _a658
_bROB
300 _a461
546 _aENGLISH
999 _c33873
_d33873